[Event "Paracin Orbis IM 3rd"]
[Site "Paracin"]
[Date "2021.07.20"]
[Round "6"]
[White "Pavlov, Mark"]
[Black "Alavi, Sayed Javad"]
[Result "0-1"]
[WhiteElo "2195"]
[BlackElo "2445"]
[PlyCount "88"]
[EventDate "2021.07.17"]
[EventType "tourn"]
[EventRounds "9"]
[EventCountry "SRB"]
[EventCategory "1"]
[SourceTitle "CBM 203 Extra"]
[Source "ChessBase"]
[SourceDate "2021.09.30"]
[SourceVersion "1"]
[SourceVersionDate "2021.09.30"]
[SourceQuality "1"]

1. d4 Nf6 2. Nf3 e6 3. e3 d5 4. Bd3 c5 5. b3 Be7 6. 0-0 0-0 7. Bb2 b6 8. Nbd2 Bb7 9. c4 Nbd7 10. Rc1 Rc8 11. Qe2 cxd4 12. exd4 Rc7 13. Rfd1 Nh5 14. Bb1 g6 15. Qe3 Bd6 16. g3 Qe7 17. Re1 Rfc8 18. Bd3 Ba3 19. Bxa3 Qxa3 20. Rc2 Nhf6 21. Rec1 Kg7 22. h3 dxc4 23. bxc4 b5 24. Ne5 bxc4 25. Ndxc4 Qe7 26. a3 Bd5 27. Qf4 Bxc4 28. Nxc4 Nd5 29. Qd6 Rxc4 30. Qxe7 Rxc2 31. Qxd7 Rxc1+ 32. Kg2 R8c3 33. Qb5 Rd1 34. Be4 Rxd4 35. Bxd5 Rxd5 36. Qb4 Rcd3 37. h4 h5 38. Qb7 a5 39. Qb2+ Kh7 40. a4 Rf5 41. f4 Rc5 42. Qf6 Rc2+ 43. Kh3 Kg8 44. f5 Rdd2 0-1

[Event "Paracin Orbis IM 3rd"]
[Site "Paracin"]
[Date "2021.07.19"]
[Round "4"]
[White "Pavlov, Mark"]
[Black "Rowe, Duane"]
[Result "1-0"]
[WhiteElo "2195"]
[BlackElo "2157"]
[PlyCount "95"]
[EventDate "2021.07.17"]
[EventType "tourn"]
[EventRounds "9"]
[EventCountry "SRB"]
[EventCategory "1"]
[SourceTitle "CBM 203 Extra"]
[Source "ChessBase"]
[SourceDate "2021.09.30"]
[SourceVersion "1"]
[SourceVersionDate "2021.09.30"]
[SourceQuality "1"]

1. d4 Nf6 2. Nf3 e6 3. e3 b6 4. Bd3 Bb7 5. 0-0 d6 6. c4 Nbd7 7. Nc3 Be7 8. e4 c5 9. d5 e5 10. h3 Nh5 11. g3 Bc8 12. Be3 0-0 13. Ne2 Bf6 14. Qd2 g6 15. g4 Ng7 16. Ng3 Re8 17. Kh2 Be7 18. Rg1 Nf6 19. Bh6 Bf8 20. Bg5 Be7 21. Rg2 Kh8 22. Rh1 Ng8 23. Be3 a6 24. Ng5 Bxg5 25. Bxg5 f6 26. Be3 Ra7 27. f3 Rf8 28. f4 Ne8 29. f5 g5 30. Kg1 h6 31. h4 Rh7 32. Rgh2 Rff7 33. Kg2 Bd7 34. Kf3 b5 35. b3 b4 36. Rh3 a5 37. Qh2 Qe7 38. Nf1 Rfg7 39. Nd2 a4 40. Kf2 a3 41. Nf3 Nc7 42. Kg3 Be8 43. hxg5 fxg5 44. Qd2 Qf6 45. Bxg5 hxg5 46. Nxg5 Rh6 47. Rxh6+ Nxh6 48. Rxh6+ 1-0

[Event "Paracin Orbis IM 3rd"]
[Site "Paracin"]
[Date "2021.07.18"]
[Round "3"]
[White "Brankovic, Dejan"]
[Black "Pavlov, Mark"]
[Result "1/2-1/2"]
[WhiteElo "2312"]
[BlackElo "2195"]
[PlyCount "99"]
[EventDate "2021.07.17"]
[EventType "tourn"]
[EventRounds "9"]
[EventCountry "SRB"]
[EventCategory "1"]
[SourceTitle "CBM 203 Extra"]
[Source "ChessBase"]
[SourceDate "2021.09.30"]
[SourceVersion "1"]
[SourceVersionDate "2021.09.30"]
[SourceQuality "1"]

1. Nf3 Nf6 2. g3 d5 3. Bg2 c6 4. 0-0 Bg4 5. d3 Nbd7 6. Nbd2 e5 7. e4 dxe4 8. dxe4 Qc7 9. h3 Bh5 10. Qe1 Bc5 11. Nh4 0-0 12. Nb3 Bb6 13. a4 a5 14. Bg5 Rfe8 15. Qc3 Bg6 16. Qc4 Nh5 17. Kh2 Nf8 18. Rad1 Ne6 19. Bc1 Rad8 20. Rxd8 Rxd8 21. c3 Nf6 22. Nxg6 hxg6 23. Bf3 Rd6 24. Kg2 Qd8 25. Re1 Nd7 26. Rd1 Ndc5 27. Nxc5 Bxc5 28. Rxd6 Qxd6 29. Bg4 Nc7 30. Be2 b6 31. Qd3 Qe7 32. Bg4 Ne6 33. h4 Qf6 34. Qe2 Qe7 35. Qc4 Nc7 36. Bd2 Qd6 37. Be1 b5 38. axb5 cxb5 39. Qe2 b4 40. Qc4 Qb6 41. cxb4 axb4 42. Bd7 Qd6 43. Ba4 Ne6 44. Bb3 Qd4 45. Qxd4 Nxd4 46. Bc4 Kf8 47. Bd2 f5 48. Bd5 Ke7 49. Bg5+ Kd6 50. Bf7 1/2-1/2